TA545KEN | Surveying with the Tacheometer: (Record no. 161763)

MARC details
000 -LEADER
fixed length control field 00589nam a2200193 a 4500
008 - FIXED-LENGTH DATA ELEMENTS--GENERAL INFORMATION
fixed length control field
003 - CONTROL NUMBER IDENTIFIER
control field
005 - DATE AND TIME OF LATEST TRANSACTION
control field 20230123134210.0
040 ## - CATALOGING SOURCE
Transcribing agency NUST
049 ## - LOCAL HOLDINGS (OCLC)
Holding library MAIN
100 1# - MAIN ENTRY--PERSONAL NAME
Personal name Kennedy,Neil
245 ## - TITLE STATEMENT
Title TA545KEN
245 10 - TITLE STATEMENT
Title Surveying with the Tacheometer:
Remainder of title a practical manual for the use of civil and military engineers and surveyors/
Statement of responsibility, etc. Neil Kennedy
260 ## - PUBLICATION, DISTRIBUTION, ETC.
Place of publication, distribution, etc. London :
Name of publisher, distributor, etc. Crosby Lockwood and Son,
Date of publication, distribution, etc. 1912
300 ## - PHYSICAL DESCRIPTION
Extent vi, 104 p. :
Other physical details ill. ;
Dimensions 22 cm.
650 #1 - SUBJECT ADDED ENTRY--TOPICAL TERM
Topical term or geographic name entry element Surveying
907 ## - LOCAL DATA ELEMENT G, LDG (RLIN)
a .b10200587
b 14-11-06
c 05-05-06
942 ## - ADDED ENTRY ELEMENTS (KOHA)
Koha item type Ordinary Loan Books
Holdings
Date last seen Total Checkouts Barcode Cost, replacement price Price effective from Koha item type Lost status Source of classification or shelving scheme Damaged status Not for loan Collection Withdrawn status Home library Current library Shelving location Date acquired Cost, normal purchase price
01/23/2023   92004001111 80.00 01/23/2023 BOOKS   lcc     NFIC   MAIN MAIN GEN 01/23/2023 80.00